|
|
|
|
| LEADER |
02107nam a2200553 a 4500 |
| 001 |
000900005 |
| 003 |
CZ BrMZK |
| 005 |
20190424093843.0 |
| 007 |
ta |
| 008 |
080619s2008 xr ab f 000 0 cze |
| 015 |
|
|
|a cnb001802393
|
| 020 |
|
|
|a 978-80-86399-45-4
|q (brož.)
|
| 040 |
|
|
|a BOA001
|b cze
|
| 041 |
0 |
|
|a cze
|a ger
|
| 043 |
|
|
|a e-xr---
|b e-xr-ol
|2 czenas
|
| 072 |
|
7 |
|a 903
|x Pravěk
|2 Konspekt
|9 8
|
| 080 |
|
|
|a 902.2
|2 MRF
|
| 080 |
|
|
|a 903.2
|2 MRF
|
| 080 |
|
|
|a 902(367)
|2 MRF
|
| 080 |
|
|
|a 726.82
|2 MRF
|
| 080 |
|
|
|a 903.5
|2 MRF
|
| 080 |
|
|
|a (437.325)
|2 MRF
|
| 080 |
|
|
|a (048.8)
|2 MRF
|
| 100 |
1 |
|
|a Fojtík, Pavel,
|d 1978-
|7 xx0057007
|4 aut
|
| 245 |
1 |
0 |
|a Slovanské hroby a pohřebiště na Prostějovsku /
|c Pavel Fojtík, Miroslav Šmíd
|
| 250 |
|
|
|a Vyd. 1.
|
| 260 |
|
|
|a Brno :
|b Ústav archeologické památkové péče,
|c 2008
|
| 300 |
|
|
|a 211 s. :
|b il., mapy ;
|c 30 cm
|
| 490 |
1 |
|
|a Pravěk. Supplementum ;
|v 18
|
| 500 |
|
|
|a 300 výt.
|
| 504 |
|
|
|a Obsahuje bibliografie
|
| 546 |
|
|
|a Část. německý text
|
| 500 |
|
|
|a Dostupné též v digitální podobě v aplikaci Kramerius
|
| 650 |
0 |
7 |
|a archeologické výzkumy
|7 ph118577
|z Česko
|2 czenas
|
| 650 |
0 |
7 |
|a archeologické nálezy
|7 ph137683
|z Česko
|2 czenas
|
| 650 |
0 |
7 |
|a archeologické lokality
|7 ph118575
|z Česko
|2 czenas
|
| 650 |
0 |
7 |
|a slovanská archeologie
|7 ph136979
|z Česko
|2 czenas
|
| 650 |
0 |
7 |
|a hroby
|7 ph136983
|z Česko
|2 czenas
|
| 650 |
0 |
7 |
|a pohřebiště
|7 ph137684
|z Česko
|2 czenas
|
| 651 |
|
7 |
|a Prostějov (Česko : oblast)
|7 ge130532
|2 czenas
|
| 655 |
|
7 |
|a studie
|7 fd133597
|2 czenas
|
| 700 |
1 |
|
|a Šmíd, Miroslav,
|d 1950-
|7 ola20021400431
|4 aut
|
| 830 |
|
0 |
|a Pravěk.
|p Supplementum
|0 s
|
| 856 |
4 |
1 |
|u http://www.digitalniknihovna.cz/mzk/uuid/uuid:89b31e60-6751-11e9-bcdf-005056827e52
|y Digitalizovaný dokument
|x NDK
|
| 910 |
|
|
|a BOA001
|b 4-1207.109
|
| 990 |
|
|
|a BK
|
| 991 |
|
|
|b 200807
|c NOV
|
| 996 |
6 |
|
|b 2610346137
|c 4-1207.109
|l MZK
|r Sklad / do 1 hodiny
|n 2
|p p.v.
|w 000900005
|u 000010
|a 1
|e BOA001
|j MZK50
|s P
|
| 996 |
7 |
|
|b 2610346138
|c 4-1207.109
|l MZK
|r Sklad / do 1 hodiny
|n 13
|p p.v.
|w 000900005
|u 000020
|a 1
|e BOA001
|j MZK50
|s A
|